Conflict and intervention: (Record no. 360325)
[ view plain ]
| 000 -LEADER | |
|---|---|
| fixed length control field | 00620nam a2200205Ia 4500 |
| 003 - CONTROL NUMBER IDENTIFIER | |
| control field | SISC |
| 005 - DATE AND TIME OF LATEST TRANSACTION | |
| control field | 20181203070054.0 |
| 008 - FIXED-LENGTH DATA ELEMENTS--GENERAL INFORMATION | |
| fixed length control field | 181129s9999 xx 000 0 und d |
| 020 ## - INTERNATIONAL STANDARD BOOK NUMBER | |
| International Standard Book Number | 9780198310174 |
| 050 ## - LIBRARY OF CONGRESS CALL NUMBER | |
| Classification number | JZ 5538 |
| Item number | .C226 2015 |
| 100 ## - MAIN ENTRY--PERSONAL NAME | |
| Personal name | Cannon, Martin |
| 245 ## - TITLE STATEMENT | |
| Statement of responsibility, etc | Martin Cannon |
| Title | Conflict and intervention: |
| Remainder of title | course companion/ |
| 260 ## - PUBLICATION, DISTRIBUTION, ETC. (IMPRINT) | |
| Place of publication, distribution, etc | UK : |
| Name of publisher, distributor, etc | Oxford University Press |
| Date of publication, distribution, etc | 2015 |
| 300 ## - PHYSICAL DESCRIPTION | |
| Extent | vi, 273 pages : |
| Other physical details | col. illustration ; |
| Dimensions | 27 cm. |
| 500 ## - GENERAL NOTE | |
| General note | Includes index and bibliographic references |
| 650 ## - SUBJECT ADDED ENTRY--TOPICAL TERM | |
| Topical term or geographic name as entry element | Conflict management |
| 650 ## - SUBJECT ADDED ENTRY--TOPICAL TERM | |
| Topical term or geographic name as entry element | Peace management |
| 942 ## - ADDED ENTRY ELEMENTS (KOHA) | |
| Source of classification or shelving scheme | Library of Congress Classification |
| Koha item type | Books |
| Withdrawn status | Lost status | Damaged status | Home library | Current library | Shelving location | Date acquired | Source of acquisition | Total Checkouts | Full call number | Barcode | Date last seen | Price effective from | Koha item type |
|---|---|---|---|---|---|---|---|---|---|---|---|---|---|
| International Baccalaureate Section | 11/29/2018 | JZ 5538 .C226 2015 | IB0287 | 11/29/2018 | 11/29/2018 |